| 000 | 00376nam a22001577a 4500 | ||
|---|---|---|---|
| 020 | _a978-1-849-41917-8 | ||
| 082 |
_a823 _bCOR/B |
||
| 100 | _aCORRUIE, ALICE | ||
| 245 |
_aBRUNO'S STORY _bSHORT STORY |
||
| 246 |
_aBRUNO'S STORY _bSHORT STORY |
||
| 260 |
_aUK _bRANDOM HOUSE PUBLISHERS _c2012 |
||
| 300 | _a111 | ||
| 520 | _aSHORT STORY | ||
| 650 | _aSHORT STORY | ||
| 942 | _cBK | ||
| 999 |
_c1893 _d1893 |
||